000 00592cam a22002171 4500
001 10318207
005 20180222042807.0
008 711124s1963 maua b 000 0 eng
010 _a 63004262
035 _a(OCoLC)175137
040 _aDLC
_cODaWU
_dOCoLC
_dDLC
041 _aeng
080 _a370.973 EDW
082 _a370.973 EDW
100 1 _a47
101 _aEDU
245 1 4 _aThe school in the American social order
_c[by] Newton Edwards [and] Herman G. Richey.
504 _aIncludes bibliography.
906 _a7
_bcbc
_coclcrpl
_du
_encip
_f19
_gy-gencatlg
942 _2ddc
_cBK
999 _c43147
_d43147